000 01090nam a2200313 a 4500
001 BRCA_8610
005 20190320210338.0
008 070916s1759----fr-a######---#000-0#fre-#
041 _afre
044 _afr
050 4 _aF1230
_b.C66
_c1759
100 1 _aCortez, Fernand
_921387
245 1 0 _aHistoire de la conquete du mexique ou de la nouvelle espagne
_cFernand Cortez; tr. Don Antoine de Solis.
260 _aParís
_bCompagnie des libraries
_c1759
300 _axxxi,606 p.
_bil.
_c17 cm
500 _aFondo antiguo
500 _aSe encuentra en Caja Fuerte
500 _aC-119
500 _aFalta tomo II
500 _aContiene prefacio
500 _aIncluye tabla de los capítulos contenidos en este volumen
500 _aIncluye tabla de materias
500 _aNota de encuadernación: piel con cartón, cantos en rojo
506 0 _aFondo reservado: para su consulta es necesario credencial de usuario y carta de motivos
650 1 4 _aHistoria
_eConquista
_y1519-1540
_zMéxico
_921523
700 1 _aSolis, Antoine de
_etr.
_921524
902 _aLAR
942 _2lcc
_cB
999 _c8273
_d8273